[Event "Rzeszow Zelmer-ch"]
[Site "Rzeszow"]
[Date "2000.08.23"]
[Round "8.1"]
[White "Wenc, Pawel"]
[Black "Sendera, Jaroslaw"]
[Result "0-1"]
[WhiteElo "2140"]
[BlackElo "2391"]
[PlyCount "41"]
[EventDate "2000.08.24"]
[EventType "tourn"]
[EventRounds "9"]
[EventCountry "POL"]
[EventCategory "1"]
[SourceTitle "EXT 2005"]
[Source "ChessBase"]
[SourceDate "2004.11.15"]
[SourceVersion "1"]
[SourceVersionDate "2004.11.15"]
[SourceQuality "1"]

1. e4 c5 2. c3 Nf6 3. e5 Nd5 4. d4 cxd4 5. cxd4 d6 6. Nf3 Nc6 7. exd6 Qxd6 8. Nc3 g6 9. Qb3 e6 10. Bc4 Nb6 11. d5 Qb4 12. dxc6 Qxc4 13. Nb5 Bb4+ 14. Bd2 Qxb5 15. Bxb4 Nd5 16. Bc3 Nxc3 17. Qxc3 0-0 18. c7 e5 19. 0-0-0 Bf5 20. Rd6 Rac8 21. Rhd1 0-1

[Event "Rzeszow Zelmer-ch"]
[Site "Rzeszow"]
[Date "2000.08.21"]
[Round "6.1"]
[White "Wenc, Pawel"]
[Black "Toczek, Grzegorz"]
[Result "1/2-1/2"]
[WhiteElo "2140"]
[BlackElo "2201"]
[PlyCount "89"]
[EventDate "2000.08.24"]
[EventType "tourn"]
[EventRounds "9"]
[EventCountry "POL"]
[EventCategory "1"]
[SourceTitle "EXT 2005"]
[Source "ChessBase"]
[SourceDate "2004.11.15"]
[SourceVersion "1"]
[SourceVersionDate "2004.11.15"]
[SourceQuality "1"]

1. e4 c5 2. c3 g6 3. d4 cxd4 4. cxd4 d5 5. exd5 Nf6 6. Nc3 Nxd5 7. Bc4 Nb6 8. Bb3 Bg7 9. Nge2 0-0 10. Bg5 Nc6 11. 0-0 h6 12. Be3 Na5 13. Bc2 Nac4 14. Bc1 Nd6 15. Ng3 Ne8 16. Re1 Nf6 17. Bf4 h5 18. h4 Bg4 19. Qd3 Nbd5 20. Be5 Nb4 21. Qd2 Nxc2 22. Qxc2 Rc8 23. Qb3 Qd7 24. d5 Ne8 25. Bxg7 Nxg7 26. Qa3 Rc7 27. Qxa7 f5 28. f4 Qd6 29. Qd4 Qa6 30. Nf1 Ne8 31. Re6 Qc4 32. Qxc4 Rxc4 33. Rxe7 Nd6 34. Rae1 Rf7 35. R7e6 Rd7 36. Rxg6+ Kf7 37. Ree6 Ne8 38. g3 Rd4 39. Rh6 b5 40. Nxb5 R4xd5 41. Nc3 Rd3 42. Ne3 Ng7 43. Rhf6+ Kg8 44. Re5 Rb7 45. Rg6 1/2-1/2

[Event "Rzeszow Zelmer-ch"]
[Site "Rzeszow"]
[Date "2000.08.19"]
[Round "4.1"]
[White "Wenc, Pawel"]
[Black "Luksik, Mateusz"]
[Result "1/2-1/2"]
[WhiteElo "2140"]
[BlackElo "2159"]
[PlyCount "108"]
[EventDate "2000.08.24"]
[EventType "tourn"]
[EventRounds "9"]
[EventCountry "POL"]
[EventCategory "1"]
[SourceTitle "EXT 2005"]
[Source "ChessBase"]
[SourceDate "2004.11.15"]
[SourceVersion "1"]
[SourceVersionDate "2004.11.15"]
[SourceQuality "1"]

1. e4 e5 2. Nf3 Nf6 3. Nxe5 d6 4. Nf3 Nxe4 5. d4 d5 6. Bd3 Bd6 7. 0-0 0-0 8. c4 c6 9. Nc3 Nxc3 10. bxc3 dxc4 11. Bxc4 Bg4 12. Qd3 Nd7 13. a4 Qa5 14. Ba3 Bxa3 15. Rxa3 Qh5 16. Raa1 Rad8 17. Rfe1 Bxf3 18. Qxf3 Qxf3 19. gxf3 Rfe8 20. a5 Kf8 21. Reb1 Rb8 22. Rb2 Nf6 23. Rab1 Re7 24. Ba6 Nd5 25. Rxb7 Rexb7 26. Rxb7 Rxb7 27. Bxb7 Nxc3 28. Kf1 Nb5 29. Bxc6 Nxd4 30. Bd5 Ke7 31. Kg2 f6 32. Kg3 Kd6 33. Bg8 Nc6 34. Bxh7 Nxa5 35. Kf4 Nc6 36. Bb1 Nd4 37. Kg4 a5 38. Kh4 a4 39. Kh5 a3 40. Kg6 Nb5 41. Ba2 Nc3 42. Bb3 Ne2 43. Kxg7 Nc1 44. Bg8 Kc5 45. h4 Kb4 46. h5 Nb3 47. Bxb3 Kxb3 48. h6 a2 49. h7 a1Q 50. h8Q f5+ 51. Kh7 Qh1+ 52. Kg7 Qg1+ 53. Kf7 Qg5 54. Qe5 Kc4 1/2-1/2

[Event "Rzeszow Zelmer-ch"]
[Site "Rzeszow"]
[Date "2000.08.18"]
[Round "3.1"]
[White "Jablonski, Jerzy2222"]
[Black "Wenc, Pawel"]
[Result "0-1"]
[WhiteElo "2143"]
[BlackElo "2140"]
[PlyCount "76"]
[EventDate "2000.08.24"]
[EventType "tourn"]
[EventRounds "9"]
[EventCountry "POL"]
[EventCategory "1"]
[SourceTitle "EXT 2005"]
[Source "ChessBase"]
[SourceDate "2004.11.15"]
[SourceVersion "1"]
[SourceVersionDate "2004.11.15"]
[SourceQuality "1"]

1. e4 c6 2. d4 d5 3. exd5 cxd5 4. Bd3 Nc6 5. c3 Qc7 6. Ne2 Bg4 7. f3 Bd7 8. Bf4 e5 9. dxe5 Nxe5 10. Bc2 Bd6 11. 0-0 Ne7 12. Nd2 0-0 13. Nb3 Rab8 14. Nbd4 b5 15. Kh1 b4 16. cxb4 Rxb4 17. b3 Rbb8 18. Rc1 Qb6 19. Bb1 Rbc8 20. Qd2 Rxc1 21. Rxc1 Rc8 22. Rxc8+ Bxc8 23. Ng3 g6 24. Bh6 Nc4 25. Qd3 Na3 26. Nde2 Nxb1 27. Qxb1 Be5 28. Qc1 Ba6 29. Qa3 Qd6 30. Qa4 Qc6 31. Qh4 f6 32. f4 Bb2 33. f5 Bb7 34. fxg6 hxg6 35. Qg4 d4 36. Nh5 d3 37. Nef4 d2 38. h4 Kf7 0-1

[Event "POL-chT2 South U19"]
[Site "Rudnik"]
[Date "2000.??.??"]
[Round "5.1"]
[White "Kliemt, Grzegorz"]
[Black "Wenc, Pawel"]
[Result "1/2-1/2"]
[WhiteElo "2068"]
[BlackElo "2140"]
[PlyCount "55"]
[EventDate "2000.07.20"]
[EventType "team-swiss"]
[EventRounds "10"]
[EventCountry "POL"]
[SourceTitle "EXT 2005"]
[Source "ChessBase"]
[SourceDate "2004.11.15"]
[SourceVersion "1"]
[SourceVersionDate "2004.11.15"]
[SourceQuality "1"]
[WhiteTeam "Gliwice Carbo U19"]
[BlackTeam "Czarna Czarnovia U19"]
[WhiteTeamCountry "POL"]
[BlackTeamCountry "POL"]

1. c4 e5 2. Nc3 Nf6 3. g3 d5 4. cxd5 Nxd5 5. Bg2 Ne7 6. Nf3 Nbc6 7. 0-0 g6 8. b4 a6 9. Bb2 Bg7 10. a3 0-0 11. Rc1 Nd4 12. Nxd4 exd4 13. Na4 c6 14. Nc5 Nd5 15. Qb3 Nc7 16. e3 Ne6 17. Rfe1 Nxc5 18. Rxc5 Be6 19. Qc2 dxe3 20. dxe3 Qe7 21. Bxg7 Kxg7 22. a4 Rfd8 23. b5 axb5 24. axb5 Ra2 25. Qc3+ Qf6 26. Qxf6+ Kxf6 27. bxc6 bxc6 28. Bxc6 1/2-1/2

[Event "POL-ch U18"]
[Site "Wisla"]
[Date "2000.??.??"]
[Round "1"]
[White "Wenc, Pawel"]
[Black "Goszczynski, Lukasz"]
[Result "1/2-1/2"]
[WhiteElo "2099"]
[BlackElo "1800"]
[PlyCount "93"]
[EventDate "2000.02.26"]
[EventType "swiss"]
[EventRounds "10"]
[EventCountry "POL"]
[SourceTitle "EXT 2005"]
[Source "ChessBase"]
[SourceDate "2004.11.15"]
[SourceVersion "1"]
[SourceVersionDate "2004.11.15"]
[SourceQuality "1"]

1. e4 e5 2. Nf3 Nc6 3. Bb5 a6 4. Bxc6 dxc6 5. 0-0 Bg4 6. h3 h5 7. d3 Qf6 8. Nbd2 Ne7 9. Re1 Bd7 10. Nc4 Ng6 11. d4 exd4 12. Qxd4 Qxd4 13. Nxd4 0-0-0 14. Be3 Be7 15. Rad1 Rhe8 16. Nd2 Bf6 17. c3 Ne5 18. N2b3 Nc4 19. Nc5 Nxe3 20. Rxe3 Be5 21. Red3 Bd6 22. Nxd7 Rxd7 23. f3 Red8 24. Kf2 g6 25. Ke2 Bf4 26. Nc2 Bg3 27. Ne3 Bd6 28. Nc4 f6 29. Nxd6+ cxd6 30. Ke3 Kc7 31. Kf4 Re8 32. c4 Re5 33. b4 b6 34. a3 f5 35. exf5 Rxf5+ 36. Kg3 Rg5+ 37. Kf2 Re5 38. R1d2 a5 39. Kg3 axb4 40. axb4 Re1 41. Ra3 Rc1 42. Re2 Rxc4 43. Ra7+ Kd8 44. Ra8+ Kc7 45. Ra7+ Kd8 46. Ra8+ Kc7 47. Ra7+ 1/2-1/2

[Event "POL-chT2 South U19"]
[Site "Rudnik"]
[Date "2000.??.??"]
[Round "10.1"]
[White "Wenc, Pawel"]
[Black "Jasik, Krzysztof"]
[Result "1/2-1/2"]
[WhiteElo "2140"]
[BlackElo "2227"]
[PlyCount "42"]
[EventDate "2000.07.20"]
[EventType "team-swiss"]
[EventRounds "10"]
[EventCountry "POL"]
[SourceTitle "EXT 2005"]
[Source "ChessBase"]
[SourceDate "2004.11.15"]
[SourceVersion "1"]
[SourceVersionDate "2004.11.15"]
[SourceQuality "1"]
[WhiteTeam "Czarna Czarnovia U19"]
[BlackTeam "Jasien LKS ZPD U19"]
[WhiteTeamCountry "POL"]
[BlackTeamCountry "POL"]

1. e4 c5 2. Nc3 Nc6 3. f4 g6 4. Nf3 Bg7 5. g3 d6 6. Bg2 e6 7. 0-0 Nge7 8. d3 0-0 9. Be3 Nd4 10. Qd2 Rb8 11. a4 a6 12. Nd1 b5 13. axb5 axb5 14. Kh1 b4 15. Bg1 Nxf3 16. Bxf3 Bb7 17. c3 bxc3 18. bxc3 g5 19. Ne3 Qc7 20. Bg2 Ra8 21. h3 h6 1/2-1/2